VALIDITY OF THE LOGARITHM-NORMAL MODEL OF HOUSEHOLD INCOME DISTRIBUTION IN THE CZECH REPUBLIC

Bibliographic Details
Main Author: Bartošová, Jitka (Author)
Format: Article
Language:English

MARC

LEADER 00000nab a2200000 a 4500
001 vtls011126312
003 SK-MaSNL
005 20260303133304.0
008 230218|2005 xo |||||||||||||||||eng|
015 |a SNBRB 
035 |a (uuid)959648ba-dec4-4df5-b282-af46464a4bbe 
035 |a (urnnbn)urn:nbn:sk:snk:ar-a09ej8 
035 |a urn:nbn:sk:snk-aba3n2 
040 |a SNKBUCL  |b slo  |c SNKBUCL  |e AACR2 
041 0 |a eng 
044 |a xo  |c SK 
100 1 |a Bartošová, Jitka  |4 aut  |9 790863 
245 1 0 |a VALIDITY OF THE LOGARITHM-NORMAL MODEL OF HOUSEHOLD INCOME DISTRIBUTION IN THE CZECH REPUBLIC  |c Jitka Bartošová 
773 0 |t Forum statisticum Slovacum  |g Roč. 1, č. 2 (2005), s. 9-13 
958 |a OND 
958 |a EUIPO 
958 |a article13 
999 |c 1955893  |d 1957823